Sustainable development : changing production patterns, social equity and the environment

Αποθηκεύτηκε σε:
Λεπτομέρειες βιβλιογραφικής εγγραφής
Συγγραφή απο Οργανισμό/Αρχή: United Nations. Economic Commission for Latin America and the Caribbean
Μορφή: Βιβλίο
Γλώσσα:English
Δημοσίευση: Santiago : United Nations, Economic Commission for Latin America and the Caribbean, 1991
Θέματα:
Ετικέτες: Προσθήκη ετικέτας
Δεν υπάρχουν, Καταχωρήστε ετικέτα πρώτοι!

MARC

LEADER 00000nam a2200000 i 4500
001 1/5178
008 000602s1991 eng d
020 |a 92-1-121166-2 
035 |l 10061493 
040 |a GR-MY-UA  |b gre  |e aacr 
041 0 |a eng 
082 0 |a 338.90098 
110 2 |a United Nations.   |b Economic Commission for Latin America and the Caribbean. 
245 1 0 |a Sustainable development :  |b changing production patterns, social equity and the environment 
260 |a Santiago :   |b United Nations, Economic Commission for Latin America and the Caribbean,   |c 1991 
300 |a 146 p.  |b tabl. 
504 |a Includes bibliographical references 
650 0 0 |a Environmental policy  |z Latin America. 
651 0 |a Latin America  |x Economic policy. 
651 0 |a Latin America  |x Social policy. 
852 |a INST  |b LESVOS  |e 20000602  |h 338.90098 SUS  |p 005100024123  |q 005100024123  |t BK  |y 0 
901 |a BIBL1-2000-2 
909 |a Λ  |b 080197 
922 |a 1ΕΛΗ  |b 200005  |c ΚΠΣ/ΤΓ  |d LEADER 
950 |a 118-1999-09-20 
970 |a ΜΟΥΣΤΑΚΑ  |b ΠΗΝΕΛΟΠΗ  |z 2000/06/08